Swathanthra softwarem gnu/linuxum (Malayalam) (Record no. 42463)

MARC details
000 -LEADER
fixed length control field 00335nam a2200121Ia 4500
020 ## - INTERNATIONAL STANDARD BOOK NUMBER
ISBN 8176383414
082 ## - DEWEY DECIMAL CLASSIFICATION NUMBER
Classification number 004.4`2LIN
Item number ACH
100 ## - MAIN ENTRY--AUTHOR NAME
Personal name Achuth Sankar, S N
245 #0 - TITLE STATEMENT
Title Swathanthra softwarem gnu/linuxum (Malayalam)
260 ## - PUBLICATION, DISTRIBUTION, ETC. (IMPRINT)
Place of publication Trivandrum
Name of publisher Kerala Bhasha Institute
942 ## - ADDED ENTRY ELEMENTS (KOHA)
Koha item type Books
Holdings
Withdrawn status Lost status Damaged status Not for loan Home library Current library Date acquired Cost, normal purchase price Full call number Accession Number Koha item type
        RRII Library RRII Library 16/12/2021 55.00 004.4`2LIN ACH 22735 Books